000 00571nam a2200205 a 4500
001 000046309
003 DO-SdBNP
005 20211008120043.0
007 ta
008 150721s2015 dr 000 0 spa d
040 _aDO-SdBNP
_bspa
_cBNPHU
082 4 _aBNPHU
_bR934u
100 1 _aRuiz Ruiz, Robinson,
_974327
_d1985-
245 1 0 _aUn consumidor común /
_cRobinson Ruiz Ruiz.
260 _aSanto Domingo :
_bUniversidad Autónoma de Santo Domingo,
_c2015.
300 _a71 p. ;
_c21 cm.
590 _aInventariado, 2021LP
910 _aLPérez
942 _2ddc
_cLBS1
999 _c45798
_d45798